| 000 | 00399nam a2200169Ia 4500 | ||
|---|---|---|---|
| 008 | 131103s9999 xx 000 0 und d | ||
| 040 | _aLoreto College | ||
| 041 | _aEnglish | ||
| 082 |
_aREF _bLCBED/5665 |
||
| 100 | _aPeloog, Jan | ||
| 245 | 4 |
_aThe bear book _cJan Peloog |
|
| 260 |
_aNew York _bGolden _c1965 |
||
| 300 |
_a pic. _c 18cm. |
||
| 650 | _aREF | ||
| 850 | _aLCBED/REF | ||
| 942 | _cBK | ||
| 999 |
_c33794 _d84273 |
||